000 00365nam a2200109Ia 4500
008 171204s9999 xx 000 0 und d
245 _aMountain Tourism: xperiences, Communities, Environments and Sustainable Futures
245 _cHarold Richins and John Hull
260 _c2016
650 _xDOMESTIC TOURISM
856 _uhttp://down.ebook777.com/038/1780644604.pdf
999 _c346779
_d346779